2018 FIFA World Cup Teams - Sudden Death - Statistics

General Stats
  • This quiz has been taken 440 times
    426 since last reset
  • The average score is 15 of 32
Answers on the Grid
Answers color-coded by a green-red scale on the quiz's grid according to % correct below.
Algeria
Argentina
Australia
Austria
Bahamas
Belgium
Bolivia
Botswana
Brazil
Burkina Faso
Cameroon
Chile
China
Colombia
Costa Rica
Croatia
Czech Republic
Denmark
Ecuador
Egypt
England
Finland
France
Germany
Ghana
Greece
Honduras
Hungary
Iceland
India
Indonesia
Iran
Ireland
Israel
Italy
Jamaica
Japan
Kenya
Luxembourg
Mexico
Morocco
Netherlands
New Zealand
Nigeria
North Korea
Norway
Panama
Paraguay
Peru
Poland
Portugal
Qatar
Russia
Saudi Arabia
Senegal
Serbia
Slovakia
Slovenia
South Africa
South Korea
Spain
Sweden
Switzerland
Thailand
Tunisia
Turkey
Uganda
United States
Uruguay
Vanuatu
Venezuela
Wales
 
Answer Stats
Answer % Correct
Argentina
88%
Brazil
78%
Belgium
77%
Australia
64%
England
61%
France
60%
Germany
58%
Croatia
57%
Colombia
47%
Japan
45%
Portugal
45%
Spain
45%
Denmark
44%
Russia
44%
Iran
42%
Mexico
42%
Egypt
41%
Uruguay
40%
Iceland
38%
South Korea
37%
Switzerland
37%
Sweden
36%
Costa Rica
34%
Morocco
34%
Poland
34%
Senegal
34%
Nigeria
33%
Panama
33%
Saudi Arabia
33%
Serbia
32%
Peru
30%
Tunisia
28%
No matching quizzes found
Score Distribution
Percent of People with Each Score
Percentile by Number Answered
Your Score History
You have not taken this quiz since the last reset